The sorrows of gin /

This tale of life in suburban America centers on an eight year old girl's search for a sense of family amid the sophisticated and detached whirl of her parents' lives. The little girl's efforts to deal with alienation and emotional isolation lead her to run away from home.

Bibliographic Details
Corporate Authors: WNET (Television station : New York, N.Y.), Films Incorporated
Other Authors: Hofsiss, Jack, Wasserstein, Wendy, Herrmann, Edward, 1943-2014, Weaver, Sigourney, 1949-, Hobel, Mara, Cheever, John
Format: Video VHS
Language:English
Published: Chicago, IL : Films Incorporated, [1979?]
Series:Cheever, John. Short stories.
Great performances (WNET (Television station : New York, N.Y.))
Subjects:

MARC

Tag First Indicator Second Indicator Subfields
LEADER 00000cgm a2200000 a 4500
001 in00000034027
005 20151007055153.0
007 vf cbahou
008 860127s1979 ilu060 g vleng d
035 |a (OCoLC)13067707 
035 |9 AAB7465AM 
040 |a IVC  |c IVC  |d m/c  |d OCL  |d TXA  |d UtOrBLW 
049 |a TXAV [A10160312] 
090 |a PS3505.H6428  |b S67 1979 
092 |a 813  |b S 
245 0 4 |a The sorrows of gin /  |c a production of WNET/13 ; produced by Ann Blumenthal and Peter Weinberg ; directed by Jack Hofsiss ; teleplay by Wendy Wasserstein. 
264 1 |a Chicago, IL :  |b Films Incorporated,  |c [1979?] 
300 |a 1 videocassette (60 min.) :  |b sound, color ;  |c 1/2 in. 
336 |a two-dimensional moving image  |b tdi  |2 rdacontent 
337 |a video  |b v  |2 rdamedia 
338 |a videocassette  |b vf  |2 rdacarrier 
490 1 |a Great performances 
490 1 |a 3 Cheever stories 
538 |a VHS. 
511 1 |a Edward Herrmann, Sigourney Weaver, Mara Hobel, Rachel Roberts, Eileen Heckart. 
508 |a Photography, John Perdue ; camera, Dean Baldwin, John Rago and Pat Terray ; art, John Wright Stevens ; music, Jonathan Tunick. 
500 |a Based on the story by John Cheever. 
500 |a Videocassette release of the 1979 production. 
520 |a This tale of life in suburban America centers on an eight year old girl's search for a sense of family amid the sophisticated and detached whirl of her parents' lives. The little girl's efforts to deal with alienation and emotional isolation lead her to run away from home. 
500 |a "0405-9036." 
500 |a Videorecording. 
650 0 |a Families  |v Drama. 
700 1 |a Hofsiss, Jack. 
700 1 |a Wasserstein, Wendy. 
700 1 |a Herrmann, Edward,  |d 1943-2014. 
700 1 |a Weaver, Sigourney,  |d 1949- 
700 1 |a Hobel, Mara. 
700 1 |a Cheever, John.  |t Sorrows of gin. 
710 2 |a WNET (Television station : New York, N.Y.) 
710 2 |a Films Incorporated. 
800 1 |a Cheever, John.  |t Short stories.  |k Selections (Films Incorporated) 
830 0 |a Great performances (WNET (Television station : New York, N.Y.)) 
999 |a MARS 
999 f f |s 5b565445-7b56-381b-8f1e-742db94a9873  |i 9149d736-e524-3fab-854c-43948e819642  |t 0 
952 f f |p ric  |a Texas A&M University  |b Rellis Campus  |c Joint Library Facility  |d Remote Storage  |t 0  |e PS3505.H6428 S67 1979  |h Library of Congress classification  |i video -- videocassette  |m A14810160312 
998 f f |a PS3505.H6428 S67 1979  |t 0  |l Remote Storage